Statistics for Paris SG Squad 2016-2017

Click here to take the quiz!

General Stats

  • This quiz has been taken 209 times
    (157 since last reset)
  • The average score is 19 of 26

Answer Stats

NbrPostNationalityPlayer% Correct
9FWUruguayEdinson Cavani
98%
2DFBrazilThiago Silva
98%
1GKGermanyKevin Trapp
97%
6MFItalyMarco Verratti
96%
11MFArgentinaAngel Di Maria
94%
5DFBrazilMarquinhos
89%
8MFItalyThiago Motta
89%
3DFFrancePresnel Kimpembe
85%
12DFBelgiumThomas Meunier
84%
23MFGermanyJulian Draxler
83%
7MFBrazilLucas Moura
81%
14MFFranceBlaise Matuidi
80%
19DFCote d'IvoireSerge Aurier
79%
10MFArgentinaJavier Pastore
77%
16GKFranceAlphonse Aréola
74%
-CoachSpainUnai Emery
72%
4MFPolandGrzegorz Krychowiak
68%
20DFFranceLayvin Kurzawa
68%
25MFFranceAdrien Rabiot
67%
17DFBrazilMaxwell
67%
15FWPortugalGonçalo Guedes
58%
18MFArgentinaGiovani Lo Celso
54%
24MFFranceChristopher Nkunku
37%
21MFFranceHatem Ben Arfa
31%
29FWFranceJean-Kévin Augustin
28%
40GKFranceRémy Descamps
15%

Score Distribution

Percentile by Number Answered

Percent of People with Each Score

Your Score History

You have not taken this quiz since the last reset